[Event "Superettan(Schack 08-Lulea)"]
[Site "?"]
[Date "2012.03.09"]
[Round "7"]
[White "Pousette, Gunnar"]
[Black "Hansson, Christian"]
[Result "1/2-1/2"]
[WhiteElo "2115"]
[BlackElo "2098"]
[PlyCount "38"]

1. c4 f5 2. g3 Nf6 3. Bg2 d6 4. Nc3 e5 5. d3 Be7 6. e4 Nc6 7. Nge2 O-O 8. O-O
Qe8 9. Nd5 Bd8 10. f4 Qh5 11. Nxf6+ Rxf6 12. Nc3 Qxd1 13. Rxd1 Nd4 14. fxe5
dxe5 15. Bg5 Rf8 16. Bxd8 Rxd8 17. exf5 c6 18. Be4 Bxf5 19. Bxf5 Nxf5 1/2-1/2

[Event "Superettan(Schack 08-Lulea)"]
[Site "?"]
[Date "2012.03.09"]
[Round "7"]
[White "Arvidsson, Tomas"]
[Black "Pettersson, Tobias"]
[Result "1-0"]
[WhiteElo "2059"]
[BlackElo "2082"]
[PlyCount "93"]

1. e4 d6 2. d4 Nf6 3. f3 g6 4. c4 Bg7 5. Nc3 O-O 6. Be3 c5 7. d5 Na6 8. Qd2 Nc7
9. Nge2 a6 10. a4 Rb8 11. Nc1 e6 12. a5 exd5 13. cxd5 Nd7 14. Be2 b5 15. axb6
Rxb6 16. O-O Nb5 17. Nxb5 axb5 18. Ra8 b4 19. Nb3 Rb8 20. Rxb8 Nxb8 21. f4 f6
22. Ra1 Qb6 23. Na5 Ba6 24. Nc6 Bxe2 25. Qxe2 Re8 26. Ra8 Kf8 27. Nxb8 Rxb8 28.
Ra6 Qd8 29. Qc2 b3 30. Qc1 Kg8 31. Qa1 f5 32. e5 dxe5 33. d6 c4 34. Qa4 exf4
35. Qxc4+ Kh8 36. Bd4 Qf8 37. Ra7 Bf6 38. Qc3 Bxd4+ 39. Qxd4+ Kg8 40. Qd5+ Kh8
41. Qe5+ Kg8 42. Qe6+ Kh8 43. Qe5+ Kg8 44. Qd5+ Kh8 45. Qd4+ Kg8 46. Qc4+ Kh8
47. Qc7 1-0

[Event "Superettan(Farsta-SodraSASS)"]
[Site "?"]
[Date "2012.03.09"]
[Round "7"]
[White "Furhoff, Johan"]
[Black "Ong, Kezli"]
[Result "1-0"]
[WhiteElo "2378"]
[BlackElo "2327"]
[PlyCount "57"]

1. e4 e5 2. Nf3 Nc6 3. d4 exd4 4. Bc4 Nf6 5. e5 d5 6. Bb5 Ne4 7. Nxd4 Bd7 8.
Bxc6 bxc6 9. O-O Bc5 10. Be3 O-O 11. f3 Ng5 12. f4 Ne4 13. Nd2 Nxd2 14. Qxd2
Bb6 15. Nb3 Bf5 16. Rae1 Re8 17. a4 a5 18. Qc3 Qd7 19. Bc5 Re6 20. Nd4 Rg6 21.
Rf2 Re8 22. b3 h6 23. e6 fxe6 24. Bxb6 cxb6 25. Qxc6 Qxc6 26. Nxc6 Rf6 27. Re3
Rc8 28. Ne7+ Kf7 29. Nxc8 1-0

[Event "Superettan(Farsta-SodraSASS)"]
[Site "?"]
[Date "2012.03.09"]
[Round "7"]
[White "Livner, Anders"]
[Black "Sjoberg, Mats"]
[Result "1/2-1/2"]
[WhiteElo "2439"]
[BlackElo "2355"]
[PlyCount "72"]

1. d4 Nf6 2. c4 e6 3. Nf3 Bb4+ 4. Nbd2 O-O 5. e3 Re8 6. Bd3 d6 7. a3 Bxd2+ 8.
Qxd2 Nc6 9. Bc2 a5 10. b3 Rb8 11. Qc3 Bd7 12. O-O b5 13. e4 b4 14. axb4 axb4
15. Qe3 e5 16. d5 Ne7 17. Ne1 Ng6 18. Nd3 c6 19. dxc6 Bxc6 20. f3 Nh5 21. g3 f5
22. exf5 Ne7 23. Ne1 Bd7 24. g4 Nf4 25. Ng2 Nh3+ 26. Kh1 Nc6 27. Bb2 Nd4 28.
Bxd4 exd4 29. Qxd4 Re2 30. Be4 Qb6 31. Bd5+ Kf8 32. Qxb6 Rxb6 33. Rfe1 Nf2+ 34.
Kg1 Nh3+ 35. Kh1 Nf2+ 36. Kg1 Nh3+ 1/2-1/2

[Event "Superettan(Farsta-SodraSASS)"]
[Site "?"]
[Date "2012.03.09"]
[Round "7"]
[White "Winge, Stefan"]
[Black "Jaderberg, Bjorn"]
[Result "1/2-1/2"]
[WhiteElo "2298"]
[BlackElo "2207"]
[PlyCount "201"]

1. e4 c5 2. Nf3 g6 3. d4 cxd4 4. Qxd4 Nf6 5. e5 Nc6 6. Qc3 Nd5 7. Qb3 Nc7 8.
Bc4 Ne6 9. Bxe6 dxe6 10. O-O Bg7 11. Bf4 O-O 12. Qe3 Nb4 13. Qe4 Nd5 14. Bd2
Qc7 15. c4 Nb6 16. b3 Bd7 17. Re1 Bc6 18. Qe3 Bxf3 19. gxf3 Nd7 20. f4 Rfd8 21.
Bb4 Nb8 22. Nc3 Nc6 23. Nb5 Qb8 24. Bc3 a6 25. Nd4 Qc7 26. Rad1 Rd7 27. Rd2 Bh6
28. Red1 Rad8 29. Qe4 Nxd4 30. Rxd4 Rxd4 31. Rxd4 Kg7 32. Kg2 Rxd4 33. Bxd4 Kf8
34. Kf3 Ke8 35. Be3 Bg7 36. b4 Qc6 37. a4 Qxa4 38. Qxb7 Qd1+ 39. Kg3 Qg1+ 40.
Qg2 Qxg2+ 41. Kxg2 f6 42. Bd4 Kd7 43. Kf3 Kc6 44. Ke4 fxe5 45. Bxe5 Bf6 46. Kd3
Bh4 47. Bd4 h5 48. Ke2 g5 49. Kd3 gxf4 50. Ke4 f3 51. Kxf3 Bg5 52. Bc3 Kd6 53.
Ke4 Bh4 54. Bd4 Bg5 55. f4 Bh4 56. Bc3 Bf2 57. Kf3 Bh4 58. Kg2 Kc6 59. Kf3 Kb6
60. Ke4 Kc6 61. f5 Kd7 62. Kf4 Kd6 63. Be5+ Kd7 64. b5 axb5 65. cxb5 Bf2 66.
Kg5 h4 67. Kg4 exf5+ 68. Kxf5 Kc8 69. Bc3 Kb7 70. Ba5 e5 71. h3 Bg3 72. Bd8 Kc8
73. Bb6 Kb7 74. Be3 Kc7 75. Kg4 Kb7 76. Kf3 Kc7 77. Ke4 Kd6 78. Bb6 Be1 79. Ba7
Kc7 80. Kxe5 Kb7 81. Bc5 Bg3+ 82. Kf5 Be1 83. Kg4 Kc7 84. Kf3 Kb7 85. Kg4 Kc7
86. Be7 Kb6 87. Bxh4 Bc3 88. Bd8+ Kxb5 89. h4 Kc6 90. Kf5 Kd7 91. Bf6 Bd2 92.
Kg6 Ke8 93. Kg7 Be1 94. h5 Bd2 95. Bd4 Bf4 96. Bc5 Bd2 97. Kg6 Bc1 98. Kf6 Bd2
99. Ke6 Bc1 100. Bd4 Kf8 101. Kf6 1/2-1/2

[Event "Superettan(Farsta-SodraSASS)"]
[Site "?"]
[Date "2012.03.09"]
[Round "7"]
[White "von Bahr, Oskar"]
[Black "Adler, Bo"]
[Result "1-0"]
[WhiteElo "2348"]
[BlackElo "2203"]
[PlyCount "75"]

1. c4 e5 2. g3 Nf6 3. Bg2 c6 4. d4 exd4 5. Qxd4 d5 6. Nf3 Be6 7. cxd5 cxd5 8.
O-O Nc6 9. Qa4 Be7 10. Nc3 O-O 11. Rd1 Qb6 12. Qb5 Qxb5 13. Nxb5 Ne4 14. Be3
Rfd8 15. Rac1 a6 16. Nc7 Rac8 17. Bb6 Bc5 18. Bxc5 Nxc5 19. Rxc5 Rxc7 20. Ne5
Rcc8 21. Nd3 Ne7 22. Rdc1 Rxc5 23. Rxc5 Rc8 24. Rxc8+ Nxc8 25. Nf4 Nb6 26. e4
d4 27. b3 Nd7 28. Kf1 Nc5 29. Ke2 Bd7 30. Kd2 Bc6 31. f3 Bb5 32. b4 Na4 33. Nd5
Bc4 34. a3 Kf8 35. f4 b6 36. Bf3 Ke8 37. Be2 Bxd5 38. exd5 1-0

[Event "Superettan(Farsta-SodraSASS)"]
[Site "?"]
[Date "2012.03.09"]
[Round "7"]
[White "Holmqvist, Gunnar"]
[Black "Wieweg, Johnny"]
[Result "0-1"]
[WhiteElo "2262"]
[BlackElo "2160"]
[PlyCount "100"]

1. Nf3 Nf6 2. c4 g6 3. g3 Bg7 4. Bg2 d5 5. cxd5 Nxd5 6. d4 O-O 7. O-O Nb6 8.
Nc3 Nc6 9. d5 Na5 10. e4 c6 11. dxc6 Nxc6 12. Bf4 Be6 13. Qc1 Rc8 14. Rd1 Qe8
15. Bh6 Nb4 16. Bxg7 Kxg7 17. Qf4 Bc4 18. Rd2 Rd8 19. Rad1 Rxd2 20. Qxd2 e5 21.
b3 Ba6 22. Qd6 Nc6 23. Rd2 f6 24. Nd5 Nc8 25. Qc5 Rf7 26. Bh3 h5 27. Kg2 b6 28.
Qc3 Bb7 29. b4 b5 30. a4 a6 31. axb5 axb5 32. Qc5 g5 33. Bf5 g4 34. Nh4 Nd4 35.
Rxd4 exd4 36. Bg6 Qe5 37. Bxf7 Qxe4+ 38. Kf1 Kxf7 39. Qc7+ Ne7 40. Qxe7+ Qxe7
41. Nxe7 Kxe7 42. Nf5+ Ke6 43. Nxd4+ Kd5 44. Nf5 Ke5 45. Ne3 Kd4 46. Ke1 Kc3
47. Nf5 Kxb4 48. Ng7 Ka3 49. Nxh5 b4 50. Nxf6 b3 0-1

[Event "Superettan(Farsta-SodraSASS)"]
[Site "?"]
[Date "2012.03.09"]
[Round "7"]
[White "Lissang, Christopher"]
[Black "Alqvist, Erik"]
[Result "1-0"]
[WhiteElo "2300"]
[BlackElo "1998"]
[PlyCount "59"]

1. d4 Nf6 2. c4 g6 3. Nc3 d5 4. Nf3 Bg7 5. Bg5 Ne4 6. cxd5 Nxg5 7. Nxg5 e6 8.
Nf3 exd5 9. e3 O-O 10. Bd3 c6 11. O-O Bg4 12. b4 Nd7 13. a4 b6 14. Rc1 Nf6 15.
Be2 Qd6 16. Ne5 Bf5 17. f4 h5 18. Qb3 Rac8 19. Bf3 Be6 20. Rfd1 Ng4 21. Ne2
Rfd8 22. h3 Nf6 23. b5 c5 24. dxc5 bxc5 25. Qa3 Qb6 26. Nc6 Rd7 27. Qxc5 Qxc5
28. Rxc5 Ne4 29. Bxe4 dxe4 30. Rxd7 1-0

[Event "Superettan(Farsta-SodraSASS)"]
[Site "?"]
[Date "2012.03.09"]
[Round "7"]
[White "Fors, Tomas"]
[Black "Kaivanipour, Kivan"]
[Result "1/2-1/2"]
[WhiteElo "2047"]
[BlackElo "1998"]
[PlyCount "53"]

1. d4 d5 2. c4 e6 3. Nc3 Nf6 4. Bg5 Be7 5. e3 O-O 6. Nf3 c6 7. Bd3 Nbd7 8. O-O
a6 9. c5 b6 10. cxb6 Rb8 11. Qc2 c5 12. dxc5 Nxc5 13. Bxf6 Bxf6 14. Bxh7+ Kh8
15. Bd3 Qxb6 16. Na4 Nxa4 17. Qxa4 Qb4 18. Qxb4 Rxb4 19. Rab1 Bxb2 20. Nd4 Bd7
21. Nb3 Ba3 22. Bxa6 Rfb8 23. f3 Ba4 24. Rfd1 Bxb3 25. Rxb3 Rxb3 26. axb3 Rxb3
27. Rd3 1/2-1/2

[Event "Superettan(Farsta-SodraSASS)"]
[Site "?"]
[Date "2012.03.09"]
[Round "7"]
[White "Lagerborg, Krister"]
[Black "Johansson, Per"]
[Result "0-1"]
[WhiteElo "2141"]
[BlackElo "1971"]
[PlyCount "158"]

1. e4 c6 2. d4 d5 3. e5 Bf5 4. Nf3 e6 5. Be2 Ne7 6. Nh4 Bg6 7. Nd2 Nf5 8. Nxg6
hxg6 9. Nf3 Nh4 10. Nxh4 Qxh4 11. Be3 Nd7 12. Qd2 Qd8 13. O-O Nb6 14. b3 Nc8
15. a4 a5 16. c3 Ne7 17. Bg5 Qc7 18. g4 c5 19. Bb5+ Nc6 20. Rac1 Be7 21. Be3
O-O 22. f4 Qb6 23. Rb1 Rac8 24. Qf2 cxd4 25. cxd4 Nb4 26. Rbc1 Nc6 27. f5 gxf5
28. gxf5 exf5 29. Qxf5 Na7 30. Rxc8 Nxc8 31. Bd3 g6 32. Qf3 Qe6 33. Kh1 Na7 34.
Bh6 Rc8 35. Bf5 Qxf5 36. Qxf5 gxf5 37. Rxf5 Nc6 38. Rf4 Nd8 39. Rg4+ Kh7 40.
Bd2 b6 41. Rg3 Rc2 42. Rh3+ Kg6 43. Bf4 Kf5 44. Bg3 Ne6 45. Rh7 Kg6 46. Rh8
Nxd4 47. Rb8 Bc5 48. Rd8 Ne2 49. Rxd5 Nxg3+ 50. hxg3 Rc3 51. Kg2 Rxb3 52. Rd8
Ra3 53. Rg8+ Kf5 54. Rg7 Ke6 55. Rg4 Kxe5 56. Rf4 f5 57. Kh3 Be3 58. Rc4 Bf2
59. Kg2 Bxg3 60. Rc6 Rb3 61. Kf1 Kd5 62. Rg6 f4 63. Kg2 Kc5 64. Rf6 Kc4 65.
Rc6+ Kd5 66. Rf6 Rb4 67. Kf3 Kc4 68. Ke4 Kb3+ 69. Kd3 Kxa4 70. Kc2 Kb5 71. Rf5+
Kc4 72. Rf8 a4 73. Ra8 f3 74. Rf8 f2 75. Rf3 Rb3 76. Rf7 Be5 77. Rf8 Bd4 78.
Rf4 Rb2+ 79. Kc1 Re2 0-1

[Event "Superettan(Orgryte-Upsala)"]
[Site "?"]
[Date "2012.03.09"]
[Round "7"]
[White "Glimbrant, Torbjorn"]
[Black "Tukhaev, Adam"]
[Result "0-1"]
[WhiteElo "2333"]
[BlackElo "2600"]
[PlyCount "92"]

1. e4 c5 2. Nf3 d6 3. d4 cxd4 4. Nxd4 Nf6 5. Nc3 a6 6. f4 Qc7 7. Bd3 b5 8. O-O
Bb7 9. Qe2 Nbd7 10. Bd2 e6 11. a4 b4 12. Nd1 d5 13. exd5 Bc5 14. c3 Nxd5 15.
Kh1 bxc3 16. bxc3 O-O 17. Rb1 Rab8 18. Rf3 g6 19. Rxb7 Qxb7 20. Bxa6 Qb6 21.
Bb5 Bxd4 22. cxd4 N7f6 23. f5 exf5 24. Bh6 Rfc8 25. h3 Qxd4 26. Rd3 Qh4 27. Bd2
Nf4 28. Bxf4 Qxf4 29. Qe7 Rxb5 30. Rd8+ Rxd8 31. Qxd8+ Kg7 32. axb5 Qf1+ 33.
Kh2 Qxb5 34. Qd4 Qd5 35. Qa1 Qd6+ 36. Kh1 Qd2 37. Kg1 h5 38. Nf2 Qe3 39. Kf1 h4
40. Qb2 g5 41. Qb5 Nh5 42. Qb2+ Kg6 43. Kg1 Nf6 44. Kh1 g4 45. hxg4 Qe1+ 46.
Kh2 Qxf2 0-1

[Event "Superettan(Orgryte-Upsala)"]
[Site "?"]
[Date "2012.03.09"]
[Round "7"]
[White "Frisk Kockum, Anton"]
[Black "Johansson, Jan"]
[Result "1/2-1/2"]
[WhiteElo "2402"]
[BlackElo "2433"]
[PlyCount "132"]

1. d4 Nf6 2. Nf3 c5 3. d5 b5 4. a4 b4 5. c4 d6 6. g3 e6 7. dxe6 fxe6 8. Bg2 Nc6
9. O-O Rb8 10. b3 Be7 11. Bb2 O-O 12. Ng5 Qe8 13. Nd2 d5 14. cxd5 exd5 15. Bxf6
Bxf6 16. Bxd5+ Kh8 17. Nde4 Bxg5 18. Nxg5 h6 19. Nf3 Bh3 20. Qc2 Bxf1 21. Rxf1
Ne7 22. Be4 Qh5 23. Qc4 Nc8 24. Bd3 Nd6 25. Qh4 Qxh4 26. Nxh4 Rfe8 27. Ng6+ Kg8
28. Rc1 Rbc8 29. f4 c4 30. bxc4 Nb7 31. Ne5 a5 32. Bg6 Re7 33. Be4 Nc5 34. Bd5+
Kh7 35. e4 g5 36. Nc6 Rec7 37. Nxa5 gxf4 38. gxf4 Rg7+ 39. Kf1 Rf8 40. f5 Rg4
41. h3 Rg3 42. Ke2 b3 43. Rb1 Rb8 44. Nc6 Rb7 45. f6 Nxa4 46. Kf2 Rg6 47. e5
Nc3 48. Ne7 Rb8 49. Nxg6 Nxb1 50. Be4 Nc3 51. Bf5 b2 52. f7 Kg7 53. f8=Q+ Rxf8
54. Nxf8 Kxf8 55. c5 Ke7 56. Kf3 b1=Q 57. Bxb1 Nxb1 58. Kg4 Nd2 59. Kh5 Nf3 60.
Kxh6 Nxe5 61. h4 Nd3 62. c6 Ne5 63. c7 Kd7 64. Kg7 Kxc7 65. h5 Ng4 66. h6 Nxh6
1/2-1/2

[Event "Superettan(Orgryte-Upsala)"]
[Site "?"]
[Date "2012.03.09"]
[Round "7"]
[White "Lundvik, Jonas"]
[Black "Arnelind, Mikael"]
[Result "0-1"]
[WhiteElo "2293"]
[BlackElo "2193"]
[PlyCount "80"]

1. d4 Nf6 2. Nf3 e6 3. c4 b6 4. g3 Bb7 5. Bg2 Bb4+ 6. Bd2 Bxd2+ 7. Qxd2 O-O 8.
O-O d6 9. Nc3 Ne4 10. Nxe4 Bxe4 11. Qf4 Bb7 12. c5 Na6 13. cxd6 cxd6 14. Rfc1
Qe7 15. Rc4 Rfc8 16. Rac1 Rxc4 17. Rxc4 Bd5 18. Rc3 Rd8 19. a3 Qb7 20. Qc1 h6
21. Bf1 b5 22. Nd2 Qb6 23. e3 Rf8 24. Bd3 e5 25. dxe5 dxe5 26. Rc8 g6 27. Rxf8+
Kxf8 28. Qc8+ Kg7 29. Qe8 Qc7 30. Qxb5 Qc1+ 31. Nf1 Nc5 32. Be2 Bb3 33. Kg2
Qxb2 34. Qxc5 Qxe2 35. Qxe5+ Kh7 36. Qd4 Be6 37. Nd2 Qh5 38. h4 Qf5 39. Ne4 Bd5
40. Qxd5 Qxd5 0-1

[Event "Superettan(Orgryte-Upsala)"]
[Site "?"]
[Date "2012.03.09"]
[Round "7"]
[White "Ziegler, Ari"]
[Black "Andersson, Fredrik"]
[Result "1/2-1/2"]
[WhiteElo "2411"]
[BlackElo "2374"]
[PlyCount "61"]

1. e4 c5 2. Nf3 Nc6 3. d4 cxd4 4. Nxd4 Nf6 5. Nc3 e5 6. Ndb5 d6 7. Bg5 a6 8.
Na3 b5 9. Bxf6 gxf6 10. Nd5 f5 11. c3 Bg7 12. Nc2 O-O 13. Bd3 Be6 14. Nce3 fxe4
15. Bxe4 f5 16. Nf6+ Qxf6 17. Bxc6 Rac8 18. Bd5 Rc5 19. O-O Kh8 20. Qb3 Bc8 21.
Rfe1 e4 22. f4 exf3 23. Bxf3 Qh4 24. Nd5 Be5 25. h3 Rg8 26. Nb6 Qg3 27. Qf7 Rg7
28. Qf8+ Rg8 29. Qf7 Rg7 30. Qf8+ Rg8 31. Qf7 1/2-1/2

[Event "Superettan(Orgryte-Upsala)"]
[Site "?"]
[Date "2012.03.09"]
[Round "7"]
[White "Johansson, Thomas"]
[Black "Svedberg, Hans"]
[Result "1-0"]
[WhiteElo "2249"]
[BlackElo "2089"]
[PlyCount "71"]

1. d4 Nf6 2. c4 g6 3. Nc3 d5 4. cxd5 Nxd5 5. e4 Nxc3 6. bxc3 Bg7 7. Be3 c5 8.
Qd2 Qa5 9. Rc1 cxd4 10. cxd4 Qxd2+ 11. Bxd2 O-O 12. Nf3 Nc6 13. d5 Nd4 14. Nxd4
Bxd4 15. Bh6 Bg7 16. Bxg7 Kxg7 17. Rc7 Kf6 18. f4 e5 19. g3 Re8 20. Bd3 Bh3 21.
Kd2 Rab8 22. Rb1 Re7 23. Rxe7 Kxe7 24. fxe5 Bd7 25. Ke3 b5 26. Kd4 a5 27. Bc4
h5 28. d6+ Ke8 29. Bd5 Rc8 30. Rf1 Be6 31. Bxe6 fxe6 32. Rf6 Rc2 33. Rxe6+ Kf8
34. Rf6+ Kg7 35. Rf1 b4 36. e6 1-0

[Event "Superettan(Orgryte-Upsala)"]
[Site "?"]
[Date "2012.03.09"]
[Round "7"]
[White "Eksmyr, Johan"]
[Black "Burwick, Malte"]
[Result "0-1"]
[WhiteElo "2114"]
[BlackElo "2302"]
[PlyCount "90"]

1. d4 d6 2. Bf4 g6 3. Nf3 Bg7 4. c3 Nd7 5. e4 e5 6. Bg5 Ngf6 7. Qc2 O-O 8. h3
h6 9. Be3 d5 10. exd5 Nxd5 11. Be2 c5 12. O-O exd4 13. cxd4 Nxe3 14. fxe3 Qe7
15. Qd2 Re8 16. Kf2 h5 17. Re1 Bh6 18. Bc4 cxd4 19. Qxd4 Nb6 20. Bb5 Rd8 21.
Qh4 Qxh4+ 22. Nxh4 a6 23. Bf1 Na4 24. Na3 Nxb2 25. Nc4 Na4 26. Nf3 Bg7 27. Nd4
Rxd4 28. exd4 Bxd4+ 29. Kg3 Bxa1 30. Rxa1 b5 31. Nd6 Be6 32. Kf4 Rd8 33. Ke5
Kf8 34. Rc1 Ke7 35. Rc7+ Rd7 36. Rxd7+ Bxd7 37. Ne4 Bc6 38. g4 hxg4 39. hxg4
Bxe4 40. Kxe4 Nc3+ 41. Kd4 Nxa2 42. g5 Kd6 43. Be2 Nb4 44. Bd1 Nc6+ 45. Ke4 Nd8
0-1

[Event "Superettan(Orgryte-Upsala)"]
[Site "?"]
[Date "2012.03.09"]
[Round "7"]
[White "Marttala, Thomas"]
[Black "Kumar, Rahul"]
[Result "0-1"]
[WhiteElo "2238"]
[BlackElo "2154"]
[PlyCount "150"]

1. e4 c5 2. Nf3 Nc6 3. Bb5 g6 4. O-O Bg7 5. Re1 Nf6 6. Nc3 O-O 7. Bxc6 dxc6 8.
h3 Qc7 9. d3 e5 10. Be3 b6 11. Qc1 Nh5 12. Bh6 Be6 13. Bxg7 Kxg7 14. Qe3 Rad8
15. a4 a5 16. b3 f6 17. Ne2 Rd7 18. Qd2 h6 19. Qc3 g5 20. g4 Nf4 21. Nxf4 gxf4
22. Kh2 Kh7 23. Rg1 Rg8 24. Nh4 Rdg7 25. Rg2 h5 26. f3 hxg4 27. hxg4 Bxg4 28.
Rag1 Be6 29. Rxg7+ Rxg7 30. Rxg7+ Qxg7 31. Qe1 Qg5 32. Qf2 Kh6 33. Ng2 Qh5+ 34.
Kg1 Qh3 35. Qh4+ Qxh4 36. Nxh4 b5 37. c4 Kg5 38. Ng2 Bd7 39. Ne1 f5 40. exf5
Kxf5 41. Kf2 Kg5 42. Kg2 Be8 43. Kh2 Kf5 44. Kg2 b4 45. Kf2 Bg6 46. Kg2 Kg5 47.
Kg1 Bf7 48. Kg2 Kf5 49. Kf2 Bh5 50. Kg2 Bf7 51. Kf2 Bh5 52. Kg2 Kf6 53. Kg1 e4
54. dxe4 Ke5 55. Kf2 Kd4 56. Ng2 Kc3 57. Nxf4 Bf7 58. e5 Kxb3 59. e6 Be8 60.
Ke3 Kxc4 61. Kd2 Kd4 62. e7 Ke5 63. Nd3+ Kd6 64. Nb2 Kd5 65. Nd1 c4 66. Ne3+
Kc5 67. f4 c3+ 68. Kd3 Kd6 69. Nc4+ Kxe7 70. Nxa5 Bg6+ 71. Ke3 Kd6 72. Nb7+ Kc7
73. Nc5 Kb6 74. Kd4 Bf7 75. Nd3 Ka5 0-1

[Event "Superettan(Orgryte-Upsala)"]
[Site "?"]
[Date "2012.03.09"]
[Round "7"]
[White "Goransson, Michael"]
[Black "Lindberg, Henrik"]
[Result "0-1"]
[WhiteElo "2005"]
[BlackElo "2264"]
[PlyCount "108"]

1. d4 Nf6 2. Nf3 e6 3. e3 c5 4. Bd3 b6 5. O-O Bb7 6. b3 Be7 7. Bb2 O-O 8. Nbd2
Nc6 9. a3 d6 10. Qe2 Re8 11. Rad1 Qc7 12. Rfe1 Rad8 13. Nf1 Nb8 14. Ng3 Nbd7
15. e4 cxd4 16. Bxd4 Nc5 17. e5 Nxd3 18. Rxd3 dxe5 19. Rc3 Qd7 20. Bxe5 Bc6 21.
Nd4 Ba8 22. Rc7 Qd5 23. Nf3 Rd7 24. Rxd7 Qxd7 25. Bb2 Rd8 26. Qe3 Bc5 27. Qg5
h6 28. Qh4 Be7 29. Qf4 b5 30. Qe5 a6 31. h3 Qc6 32. Re2 Rd1+ 33. Kh2 Bd6 34.
Qc3 Qxc3 35. Bxc3 Bxa3 36. Ne5 Bd6 37. Nd3 Nd5 38. Be5 Bxe5 39. Rxe5 Rd2 40.
Re2 Rxe2 41. Nxe2 a5 42. c4 bxc4 43. bxc4 Nb4 44. Nxb4 axb4 45. Nd4 e5 46. Nb3
Be4 47. Na5 Kf8 48. Kg1 Bc2 49. c5 Be4 50. f3 Bd5 51. c6 Ke7 52. Kf2 b3 53.
Nxb3 Bxb3 54. Ke3 Bd5 0-1

[Event "Superettan(Rodeby-Orebro)"]
[Site "?"]
[Date "2012.03.09"]
[Round "7"]
[White "Nygren, Kim"]
[Black "Svensson, Bo Anders"]
[Result "0-1"]
[WhiteElo "2352"]
[BlackElo "2360"]
[PlyCount "84"]
[SourceDate "2012.03.15"]

1. e4 c5 2. Nf3 e6 3. d4 cxd4 4. Nxd4 Nc6 5. Nxc6 bxc6 6. Bd3 d5 7. Nd2 Nf6 8.
O-O Be7 9. Qe2 a5 10. b3 a4 11. Bb2 Qb6 12. Kh1 Ba6 13. c4 d4 14. e5 Nd7 15.
Qg4 c5 16. Qxg7 O-O-O 17. f4 Rdf8 18. Qg3 f5 19. exf6 Nxf6 20. Rae1 Rhg8 21.
Qh3 Ng4 22. Bxh7 Rg7 23. Be4 Qd8 24. Qf3 Bh4 25. g3 Nxh2 26. Qh5 Nxf1 27. Qxc5+
Rc7 28. Qb6 Nxg3+ 29. Kg2 Bb7 30. Qxe6+ Kb8 31. Bxb7 Kxb7 32. Re5 Rc6 33. Qg4
Rg8 34. Rb5+ Kc7 35. Qh3 Ne4+ 36. Kf1 Nxd2+ 37. Ke2 Ne4 38. Rd5 Rd6 39. Rxd6
Nxd6 40. Bxd4 Nf7 41. Qc3 Qa8 42. Be5+ Kd8 0-1

[Event "Superettan(Rodeby-Orebro)"]
[Site "?"]
[Date "2012.03.09"]
[Round "7"]
[White "Greiff, Hakan"]
[Black "Lundin, Jan"]
[Result "1/2-1/2"]
[WhiteElo "2299"]
[BlackElo "2323"]
[PlyCount "110"]

1. e4 c6 2. d4 d5 3. exd5 cxd5 4. Bd3 Nc6 5. c3 Qc7 6. Ne2 Bg4 7. f3 Bd7 8. Bf4
Qb6 9. Nd2 Nf6 10. Qb3 Qxb3 11. axb3 e6 12. h3 Be7 13. b4 Nh5 14. Bh2 Bh4+ 15.
Kd1 Bd8 16. Nb3 Nf6 17. Nc5 Bc8 18. Bb5 O-O 19. Kd2 Nd7 20. Bd6 Re8 21. Ra2
Bg5+ 22. f4 Be7 23. Bxc6 bxc6 24. Bxe7 Rxe7 25. Nxd7 Bxd7 26. Nc1 f6 27. Nd3
Be8 28. Re1 Rc8 29. f5 Bf7 30. fxe6 Rxe6 31. Rxe6 Bxe6 32. Rxa7 Bf5 33. Nc5 h5
34. Nb7 Rc7 35. Ra8+ Kh7 36. Nd6 Kg6 37. Nxf5 Kxf5 38. Ke3 Re7+ 39. Kf2 Re6 40.
Ra6 h4 41. Rb6 g5 42. Ra6 Re8 43. Rxc6 Ra8 44. Kf3 Ra1 45. Rd6 Rf1+ 46. Ke3
Re1+ 47. Kf2 Rb1 48. Rxd5+ Kf4 49. Rd6 Rxb2+ 50. Ke1 f5 51. Kf1 Rb1+ 52. Ke2
Rb2+ 53. Kf1 Rb1+ 54. Kf2 Rb2+ 55. Kf1 Rb1+ 1/2-1/2

[Event "Superettan(Rodeby-Orebro)"]
[Site "?"]
[Date "2012.03.09"]
[Round "7"]
[White "Gruvaeus, Curt"]
[Black "Wahlbom, Magnus"]
[Result "1/2-1/2"]
[WhiteElo "2329"]
[BlackElo "2289"]
[PlyCount "66"]

1. d4 Nf6 2. c4 e6 3. Nf3 b6 4. g3 Ba6 5. Qa4 Bb7 6. Bg2 c5 7. O-O Be7 8. Rd1
O-O 9. Nc3 cxd4 10. Nb5 a6 11. Nbxd4 Qc8 12. Bf4 Nc6 13. Rac1 Nxd4 14. Rxd4 Bc5
15. Rdd1 Bc6 16. Qb3 Ng4 17. Rf1 d5 18. Bh3 Nf6 19. Ne5 dxc4 20. Qxc4 Bd5 21.
Qa4 Qb7 22. Nd3 Rfc8 23. Nxc5 Rxc5 24. Rxc5 bxc5 25. b3 Qb5 26. Be3 Qxe2 27.
Bg2 Bxg2 28. Kxg2 Rc8 29. Rc1 Nd5 30. Bxc5 h6 31. Qd4 Qxa2 32. b4 Qe2 33. h3
Nf6 1/2-1/2

[Event "Superettan(Rodeby-Orebro)"]
[Site "?"]
[Date "2012.03.09"]
[Round "7"]
[White "Ostling, Hakan"]
[Black "Zetterberg, Staffan"]
[Result "1-0"]
[WhiteElo "2247"]
[BlackElo "2309"]
[PlyCount "127"]

1. d4 Nf6 2. Bf4 c5 3. e3 Qb6 4. Nc3 d6 5. Rb1 g6 6. h3 Bg7 7. Nf3 O-O 8. Be2
Bf5 9. O-O Nc6 10. g4 Bd7 11. d5 Nb4 12. a3 Na6 13. Nd2 Rad8 14. g5 Ne8 15. Bg4
e5 16. dxe6 Bxe6 17. Bxe6 fxe6 18. Nc4 Qc6 19. Qg4 Nac7 20. a4 Bxc3 21. bxc3
Qxa4 22. Qe2 b5 23. Nb2 Qe4 24. Bg3 Nd5 25. Qd2 Rf3 26. Nd3 Nxe3 27. Rfe1 Nc4
28. Qd1 Qf5 29. Rxb5 Nc7 30. Rb7 Nd5 31. Qe2 e5 32. Nxc5 Nce3 33. Nd3 Rf8 34.
Kh2 e4 35. fxe3 exd3 36. cxd3 Rxe3 37. Qg2 Rxe1 38. Bxe1 Re8 39. Bf2 Nf4 40.
Qf3 Nxd3 41. Qxf5 gxf5 42. Bxa7 f4 43. Kg2 Ne1+ 44. Kf2 Nd3+ 45. Kf3 Rf8 46.
Rb8 Ne5+ 47. Ke4 f3 48. Ke3 Rxb8 49. Bxb8 Kf7 50. Kf2 Ke6 51. Bc7 Kd5 52. Ke3
Nf7 53. h4 Kc4 54. Kxf3 Kxc3 55. Ke4 Kc4 56. Kf5 Kd5 57. h5 Ne5 58. Kf6 Kc6 59.
Ba5 Kd7 60. Kg7 Nf3 61. g6 hxg6 62. h6 Ng5 63. Bd2 Ne6+ 64. Kg8 1-0

[Event "Superettan(Rodeby-Orebro)"]
[Site "?"]
[Date "2012.03.09"]
[Round "7"]
[White "Drugge, Patrick"]
[Black "Laksman, Efraim"]
[Result "0-1"]
[WhiteElo "2259"]
[BlackElo "2215"]
[PlyCount "124"]
[SourceDate "2012.03.15"]

1. e4 c5 2. Nc3 Nc6 3. g3 g6 4. Bg2 Bg7 5. d3 d6 6. f4 Nf6 7. h3 Rb8 8. Nf3 b5
9. O-O b4 10. Ne2 Nd7 11. g4 Qb6 12. Kh1 Bb7 13. c3 Ba6 14. c4 Bc8 15. f5 Nce5
16. Nf4 Bb7 17. Rb1 Nxf3 18. Qxf3 Ne5 19. Qe2 Bf6 20. b3 Nd7 21. Qf2 Bd4 22.
Be3 Bxe3 23. Qxe3 g5 24. Ne2 f6 25. Ng3 Ne5 26. Bf3 Bc6 27. Rbd1 Kd8 28. Ne2
Qb7 29. Ng3 Kc7 30. d4 cxd4 31. Rxd4 Rbc8 32. Rc1 Kb8 33. Be2 Nd7 34. Bf3 Nc5
35. Re1 Qb6 36. Kg2 Bb7 37. Rh1 Nd7 38. h4 h6 39. Qd2 Ne5 40. Qe3 gxh4 41. Rxh4
Rcg8 42. Nh5 Rg5 43. Nf4 Rhg8 44. Ne6 Rxf5 45. exf5 Nxf3 46. Kg3 Nxh4 47. Kxh4
Qa5 48. Rd2 Qe5 49. Qxe5 fxe5 50. c5 d5 51. Re2 e4 52. Nd4 Bc8 53. Nc6+ Kc7 54.
Nxe7 Rd8 55. Kg3 Ba6 56. Re1 d4 57. Ng6 d3 58. Nf4 e3 59. Kf3 e2 60. Ne6+ Kc8
61. Nxd8 d2 62. Kf2 Kxd8 0-1

[Event "Superettan(Rodeby-Orebro)"]
[Site "?"]
[Date "2012.03.09"]
[Round "7"]
[White "Eriksson, Bengt"]
[Black "Lind, Jan-Olov"]
[Result "0-1"]
[WhiteElo "2092"]
[BlackElo "2251"]
[PlyCount "52"]

1. d4 g6 2. c4 Nf6 3. Nc3 Bg7 4. e4 d6 5. Be2 O-O 6. Bg5 c5 7. d5 e6 8. Qd2
exd5 9. exd5 Re8 10. O-O-O a6 11. h4 b5 12. f3 Nbd7 13. g4 Qa5 14. cxb5 Rb8 15.
a4 axb5 16. Bxb5 Re5 17. f4 Re8 18. Bxf6 Bxf6 19. Nf3 Rd8 20. Ne4 Rxb5 21.
Nxf6+ Nxf6 22. axb5 Qa1+ 23. Kc2 Qa4+ 24. Kc1 Bxg4 25. Qd3 Bf5 26. Qa3 Qc2# 0-1

[Event "Superettan(Rodeby-Orebro)"]
[Site "?"]
[Date "2012.03.09"]
[Round "7"]
[White "Blomstrom, Lars"]
[Black "Karlsson, Robert"]
[Result "1-0"]
[WhiteElo "2142"]
[BlackElo "2031"]
[PlyCount "81"]

1. e4 c6 2. d4 d5 3. Nc3 dxe4 4. Nxe4 Bf5 5. Ng3 Bg6 6. h4 h6 7. Nf3 Nd7 8. h5
Bh7 9. Bd3 Bxd3 10. Qxd3 Qc7 11. Bd2 Ngf6 12. O-O-O e6 13. Qe2 O-O-O 14. Rhe1
Be7 15. Kb1 c5 16. c4 cxd4 17. Nxd4 a6 18. Nb3 Nc5 19. Ba5 b6 20. Bc3 Nxb3 21.
axb3 Qb7 22. f3 Rxd1+ 23. Rxd1 Rd8 24. Rxd8+ Bxd8 25. Ne4 Nxe4 26. fxe4 Bf6 27.
Bxf6 gxf6 28. Qe3 Kd7 29. Ka2 Ke7 30. g4 a5 31. Qxh6 Qxe4 32. g5 Qf4 33. gxf6+
Qxf6 34. Qe3 Qf5 35. h6 a4 36. bxa4 Qh5 37. c5 bxc5 38. a5 c4 39. a6 c3 40.
Qxc3 Qxh6 41. a7 1-0